|
|
|
|
| LEADER |
00801cam a2200241 7i4500 |
| 001 |
0000024920 |
| 005 |
20170218090000.0 |
| 008 |
081118 eng |
| 020 |
|
|
|a 0538876093
|
| 040 |
|
|
|a OhCoOLI
|
| 050 |
0 |
0 |
|a HD30.25 TUR 1991
|
| 090 |
0 |
0 |
|a HD30.25
|b .T87 1991
|
| 100 |
1 |
|
|a Turban, Efraim
|
| 245 |
1 |
0 |
|a Fundamentals of management science
|c Efraim Turban, Jack R. Meredith.
|
| 250 |
|
|
|a 5th ed.
|
| 260 |
|
|
|a Homewood, IL:
|b Irwin,
|c 1991.
|
| 300 |
|
|
|a xiv, 1005 p.:
|b ill. (some col.);
|c 23 cm.
|
| 504 |
|
|
|a Includes bibliographical references and index
|
| 650 |
0 |
0 |
|a Management --
|x mathematical models
|
| 650 |
0 |
0 |
|a Management science
|
| 700 |
1 |
|
|a Meredith, Jack R
|
| 997 |
|
|
|a Business & Accountancy, Faculty
|
| 999 |
|
|
|a 0000028264
|b BOK
|c OPEN SHELF
|e 1st Floor, Shah Alam
|